000 00940cab a2200217 4500
001 ##ABS50894
008 090401t1994 xxu||||| |||| 00| 0 eng d
035 _a(Sirsi) u416
041 0 _aeng
100 1 _aBendall, D.
245 0 0 _aSmoke detectors
_blegal liability and latest developments
260 _c1994
350 _a0
490 0 _aHousing and Planning Review
_vJune/July 1994, 29-30(2)
520 _aDiscusses potential legal liability of landlords for installing or not installing smoke detectors. Looks at how the market has developed. A survey by BRK Europe Ltd reveals that the case for the installation of smoke alarms is indisputable.
520 _aThis article is no longer held by the RICS Library but may be available through inter-library loan. Please ask library staff for details.
651 4 _aEngland and Wales
_y1543-
690 _aMANAGEMENT-HEALTH AND SAFETY-FIRE SAFETY
942 _n0
948 _c04/03/1997
999 _c170
_d170